000 00706nam a2200193 i 4500
001 117196
003 ES-MaACL
005 20250822063157.0
007 t|
008 071121s1908 sp r ||||1| spa d
100 1 _aPeña Fernández, Teodoro,
_d1852-
_990257
245 1 0 _aDiscurso leído en la solemne apertura del curso de 1908 a 1909 en la Universidad Literaria de Sevilla /
_cTeodoro Peña Fernández.
260 _aSevilla :
_bPapelería Sevillana,
_c1908.
300 _a36 p. ;
_c30 cm.
500 _aTema: Ensayo del influjo del tiempo en las relaciones juridicas.
710 0 _aUniversidad Literaria de Sevilla.
_97391
852 _aES-MaACL
_jT-1183-F-1
999 _c117196
_d117196